000 00674nam a2200217 i 4500
001 97072
003 ES-MaACL
005 20250808022125.0
007 t|
008 050706s1956 sp ||||1| spa d
100 1 _aManstein, Erich von.
_976143
245 1 0 _aVictorias frustadas /
_cMariscal von Manstein; [versión española de M. Picos Vilabella].
250 _a[1ª ed.].
260 _aBarcelona :
_bLuis de Caralt,
_c1956.
300 _a610 p., 4 h., 5 lám. ;
_c22 cm.
490 1 _aLa vida vivida
700 1 _aPicos Vilabella, Manuel.
_991882
830 0 3 _aLa vida vivida
_9180877
852 _aES-MaACL
_jD-7588
_bR.39618
999 _c97072
_d97072